000 00586nam a2200205Ia 4500
003 GCL
008 140319s9999 xx 000 0 ara d
040 _aGCL /
_cGCL
082 0 4 _a415.5
_bش م
100 1 _aشرف الدين على الراجحى
245 1 0 _aمبادىءالاعراب /
_cشرف الدين على الراجحى
260 _a[S.N] :
_bدار المعرفة الجامعية ،
_c1992
300 _a134 ص
490 _a
650 0 4 _aالعلم
650 0 4 _aالنحو
650 0 4 _aاللغة العربية
650 0 4 _aالصرف
942 _2ddc
_cBK
999 _c33944
_d33944